<?xml version="1.0" encoding="UTF-8"?>
<collection xmlns="http://www.loc.gov/MARC21/slim">
 <record>
  <leader>01267pam a22002538a 4500</leader>
  <controlfield tag="001">00024876</controlfield>
  <controlfield tag="005">20171026081022.0</controlfield>
  <controlfield tag="008">110724s2003                  ||||||Viesd</controlfield>
  <datafield tag="041" ind1="0" ind2="#">
   <subfield code="a">Vie</subfield>
  </datafield>
  <datafield tag="082" ind1="1" ind2="4">
   <subfield code="a">336.007 1</subfield>
   <subfield code="b">NH123M</subfield>
  </datafield>
  <datafield tag="100" ind1="0" ind2="#">
   <subfield code="a">Trần Võ Hùng Sơn</subfield>
  </datafield>
  <datafield tag="245" ind1="0" ind2="0">
   <subfield code="a">Nhập môn phân tích lợi ích chi phí</subfield>
   <subfield code="b">Kiến thức căn bản cho SV ngành kinh tế ,Kiến thức cần thiết dùng để nghiên cứu kinh tế môi trường và phân tích kinh tế dự án</subfield>
   <subfield code="c">Trần Võ Hùng Sơn</subfield>
  </datafield>
  <datafield tag="250" ind1="#" ind2="#">
   <subfield code="a">Tái bản lần thứ 1</subfield>
   <subfield code="b">có chỉnh lý, bổ sung</subfield>
  </datafield>
  <datafield tag="260" ind1="#" ind2="#">
   <subfield code="a">HCM.</subfield>
   <subfield code="b">ĐHQG TPHCM</subfield>
   <subfield code="c">2003</subfield>
  </datafield>
  <datafield tag="300" ind1="#" ind2="#">
   <subfield code="a">372tr.</subfield>
   <subfield code="c">20 cm.</subfield>
  </datafield>
  <datafield tag="500" ind1="#" ind2="#">
   <subfield code="a">ĐTTS ghi: Trường ĐH Kinh tế TPHCM.Khoa kinh tế phát triển.Bộ môn kinh tế tài nguyên và môi trường</subfield>
  </datafield>
  <datafield tag="650" ind1="#" ind2="4">
   <subfield code="a">Lợi kinh tế</subfield>
  </datafield>
  <datafield tag="653" ind1="#" ind2="#">
   <subfield code="a">Kinh tế</subfield>
   <subfield code="a">Lợi ích kinh tế</subfield>
   <subfield code="a">lợi ích chi phí</subfield>
  </datafield>
  <datafield tag="852" ind1="#" ind2="#">
   <subfield code="b">Kho giáo trình</subfield>
   <subfield code="j">KGT.0018327, KGT.0018328, KGT.0018329</subfield>
  </datafield>
  <datafield tag="852" ind1="#" ind2="#">
   <subfield code="b">Kho mượn</subfield>
   <subfield code="j">KGT.0018327</subfield>
  </datafield>
  <datafield tag="852" ind1="#" ind2="#">
   <subfield code="j">KGT.0018328</subfield>
   <subfield code="j">KGT.0018327</subfield>
   <subfield code="j">KGT.0018329</subfield>
  </datafield>
  <datafield tag="910" ind1=" " ind2=" ">
   <subfield code="d">24/07/2011</subfield>
  </datafield>
  <datafield tag="980" ind1="#" ind2="#">
   <subfield code="a">Trung tâm Học liệu Lê Vũ Hùng, Trường Đại học Đồng Tháp</subfield>
  </datafield>
 </record>
</collection>
